000 00544nam a22001817a 4500
005 20250723141231.0
008 250723b |||||||| |||| 00| 0 eng d
020 _a9781485128854
041 _aEnglish
082 _a347.1 POL
100 _lEnglish
245 _aPollak: The South African Law of Jurisdiction /
_cDE Van Loggerenberg
250 _aThird Edition
260 _aCape Town:
_bJuta and Company Ltd,
_c2025
300 _bvii, 377 pages;
_c26 cm.
650 _aLegal practice
_bLaw
942 _cBK
_6ALISON_BN_VRIES
999 _c3314
_d3314